Top 10 biggest cities in Ireland - Statistics

General Stats
  • This quiz has been taken 43 times
  • The average score is 6 of 10
Answer Stats
Pop. City/Town % Correct
208,669 Cork
100%
1,173,179 Dublin
100%
94,192 Limerick
89%
79,934 Galway
86%
53,504 Waterford
75%
32,600 Bray
29%
39,004 Dundalk
29%
39,248 Swords
29%
40,956 Drogheda
25%
30,173 Navan
7%
No matching quizzes found
Score Distribution
Percent of People with Each Score
Percentile by Number Answered
Your Score History
You have not taken this quiz